[Event "Nezhmetdinov Memorial 36th"]
[Site "Kazan"]
[Date "2014.06.02"]
[Round "3"]
[White "Merkushev, Dmitry"]
[Black "Denisov, Lev"]
[Result "0-1"]
[WhiteElo "2105"]
[BlackElo "2302"]
[PlyCount "62"]
[EventDate "2014.05.31"]
[EventType "swiss"]
[EventRounds "9"]
[EventCountry "RUS"]
[SourceTitle "CBM 160 Extra"]
[Source "ChessBase"]
[SourceDate "2014.07.01"]
[SourceVersion "1"]
[SourceVersionDate "2014.07.01"]
[SourceQuality "1"]

1. d4 Nf6 2. Nf3 g6 3. g3 Bg7 4. Bg2 0-0 5. 0-0 d6 6. c3 Nbd7 7. Nbd2 e5 8. dxe5 dxe5 9. Qc2 Qe7 10. e4 b6 11. Re1 Bb7 12. Nb3 a5 13. a4 Rad8 14. Bg5 Qe6 15. Nfd2 h6 16. Be3 Ng4 17. h3 Nxe3 18. Rxe3 h5 19. Bf1 Nf6 20. Kh2 Bh6 21. Ree1 h4 22. gxh4 Nh5 23. Bg2 Nf4 24. Nf3 Bc8 25. Ng1 Qf6 26. Rad1 Qxh4 27. Nc1 Nxh3 28. Nxh3 Bf4+ 29. Kg1 Bxh3 30. Bxh3 Qxh3 31. f3 Qxf3 0-1

[Event "Nezhmetdinov Memorial 36th"]
[Site "Kazan"]
[Date "2014.05.31"]
[Round "1"]
[White "Denisov, Lev"]
[Black "Tukaeva, Adelya"]
[Result "1-0"]
[WhiteElo "2302"]
[BlackElo "1796"]
[PlyCount "43"]
[EventDate "2014.05.31"]
[EventType "swiss"]
[EventRounds "9"]
[EventCountry "RUS"]
[SourceTitle "CBM 160 Extra"]
[Source "ChessBase"]
[SourceDate "2014.07.01"]
[SourceVersion "1"]
[SourceVersionDate "2014.07.01"]
[SourceQuality "1"]

1. e4 c5 2. Nf3 d6 3. d4 cxd4 4. Nxd4 Nf6 5. Nc3 g6 6. g3 Bg7 7. Bg2 0-0 8. 0-0 Nc6 9. Nde2 Bd7 10. h3 Rc8 11. Be3 Na5 12. b3 Qc7 13. Bd4 b5 14. a3 a6 15. Qd2 e6 16. Rfd1 Rfd8 17. Qe3 Rb8 18. e5 Nd5 19. Nxd5 exd5 20. exd6 Qxd6 21. Bxg7 Kxg7 22. Qc3+ 1-0

[Event "Izhevsk Corporation Cup 5th"]
[Site "Izhevsk"]
[Date "2013.07.18"]
[Round "7"]
[White "Khanin, Semen"]
[Black "Denisov, Lev"]
[Result "1-0"]
[WhiteElo "2245"]
[BlackElo "2363"]
[PlyCount "77"]
[EventDate "2013.07.11"]
[EventType "swiss"]
[EventRounds "9"]
[EventCountry "RUS"]
[SourceTitle "EXT 2014"]
[Source "ChessBase"]
[SourceDate "2013.11.20"]
[SourceVersion "1"]
[SourceVersionDate "2013.11.20"]
[SourceQuality "1"]

1. e4 e5 2. Nf3 Nc6 3. Bb5 a6 4. Ba4 Nge7 5. 0-0 g6 6. c3 Bg7 7. d4 exd4 8. cxd4 0-0 9. d5 b5 10. Bc2 Na5 11. Nc3 d6 12. Nd4 b4 13. Nce2 c6 14. dxc6 Naxc6 15. Be3 Bb7 16. b3 Re8 17. Rc1 Rb8 18. Nxc6 Nxc6 19. Nf4 Ne5 20. Nd5 Bxd5 21. Qxd5 Rb5 22. Qd2 Ng4 23. Bf4 d5 24. Bd3 Bc3 25. Qd1 dxe4 26. Bxb5 Qxd1 27. Rfxd1 axb5 28. Bc7 e3 29. fxe3 Rxe3 30. h3 Nf6 31. Bb6 Re2 32. Rd8+ Kg7 33. Bd4 Rxa2 34. Bxc3 bxc3 35. Rxc3 Ra1+ 36. Kh2 h5 37. Rd4 Re1 38. Rc5 Ne4 39. Rxb5 1-0

[Event "Izhevsk Corporation Cup 5th"]
[Site "Izhevsk"]
[Date "2013.07.13"]
[Round "2"]
[White "Denisov, Lev"]
[Black "Kostrikina, Anna"]
[Result "1/2-1/2"]
[WhiteElo "2363"]
[BlackElo "2127"]
[PlyCount "54"]
[EventDate "2013.07.11"]
[EventType "swiss"]
[EventRounds "9"]
[EventCountry "RUS"]
[SourceTitle "EXT 2014"]
[Source "ChessBase"]
[SourceDate "2013.11.20"]
[SourceVersion "1"]
[SourceVersionDate "2013.11.20"]
[SourceQuality "1"]

1. d4 Nf6 2. c4 e6 3. Nc3 Bb4 4. Nh3 b6 5. f3 0-0 6. e4 d6 7. a3 Bxc3+ 8. bxc3 e5 9. Nf2 Nc6 10. Be2 Na5 11. Bg5 Re8 12. Rb1 c5 13. d5 h6 14. Bh4 g5 15. Bg3 Nh5 16. Ng4 Bxg4 17. fxg4 Nxg3 18. hxg3 Kg7 19. Bd3 Qf6 20. Rf1 Qg6 21. Rf5 f6 22. Kf2 Rf8 23. Be2 Qe8 24. Qc2 Qd7 25. Kg1 Rab8 26. Rb2 Rbd8 27. Rb1 Rb8 1/2-1/2

[Event "Nezhmetdinov Memorial 35th"]
[Site "Kazan"]
[Date "2013.06.07"]
[Round "8"]
[White "Shaydullina, Sandugach"]
[Black "Denisov, Lev"]
[Result "0-1"]
[WhiteElo "2160"]
[BlackElo "2368"]
[PlyCount "96"]
[EventDate "2013.05.31"]
[EventType "swiss"]
[EventRounds "9"]
[EventCountry "RUS"]
[SourceTitle "CBM 154 Extra"]
[Source "ChessBase"]
[SourceDate "2013.06.25"]
[SourceVersion "2"]
[SourceVersionDate "2013.06.25"]
[SourceQuality "1"]

1. d4 Nf6 2. c4 e6 3. Nf3 Bb4+ 4. Bd2 Qe7 5. g3 0-0 6. Bg2 Bxd2+ 7. Qxd2 d6 8. 0-0 e5 9. Nc3 Nc6 10. d5 Nb8 11. e4 a5 12. Ne1 Na6 13. Nd3 Nc5 14. Nxc5 dxc5 15. f4 Ne8 16. f5 a4 17. g4 f6 18. b3 Bd7 19. h4 h6 20. Qc2 Nd6 21. Rfe1 b6 22. Bf1 Ra7 23. Be2 Rfa8 24. Qb2 Ra5 25. Kf2 R8a7 26. Rg1 Qd8 27. g5 fxg5 28. hxg5 hxg5 29. bxa4 Qf6 30. Qc1 Rxa4 31. Qxg5 Qxg5 32. Rxg5 Ra3 33. Rag1 Rxc3 34. Rxg7+ Kf8 35. Rxd7 Nxe4+ 36. Kg2 Rxa2 37. Re1 Ng3 38. Kf2 e4 39. Rxc7 Rf3+ 40. Kg2 Nxe2 41. Rc8+ Ke7 42. Rg8 Rxf5 43. Rg4 Nf4+ 44. Kh1 Rh5+ 45. Kg1 Nh3+ 46. Kh1 Nf2+ 47. Kg1 Nxg4 48. Rxe4+ Re5 0-1

[Event "Nezhmetdinov Memorial 35th"]
[Site "Kazan"]
[Date "2013.06.04"]
[Round "5"]
[White "Denisov, Lev"]
[Black "Ibragimov, Ildar"]
[Result "0-1"]
[WhiteElo "2368"]
[BlackElo "2571"]
[PlyCount "58"]
[EventDate "2013.05.31"]
[EventType "swiss"]
[EventRounds "9"]
[EventCountry "RUS"]
[SourceTitle "CBM 154 Extra"]
[Source "ChessBase"]
[SourceDate "2013.06.25"]
[SourceVersion "2"]
[SourceVersionDate "2013.06.25"]
[SourceQuality "1"]

1. e4 e6 2. d3 c5 3. Nf3 Nc6 4. g3 Nge7 5. Bg2 g6 6. h4 h6 7. Nbd2 Bg7 8. 0-0 d6 9. a3 0-0 10. Rb1 a5 11. a4 f5 12. Nc4 e5 13. c3 Be6 14. Bh3 d5 15. exd5 Bxd5 16. Nfd2 Qc7 17. Qb3 Ra6 18. Re1 Kh7 19. Nf1 f4 20. Bd2 Nf5 21. Re2 Nfd4 22. cxd4 Nxd4 23. Qd1 Nf3+ 24. Kh1 Nxd2+ 25. Kg1 Nxb1 26. Qxb1 e4 27. b3 fxg3 28. Nxg3 Rxf2 29. Kxf2 Qf4+ 0-1

[Event "Nezhmetdinov Memorial 35th"]
[Site "Kazan"]
[Date "2013.06.03"]
[Round "4"]
[White "Chumachenko, Alexander"]
[Black "Denisov, Lev"]
[Result "0-1"]
[WhiteElo "2119"]
[BlackElo "2368"]
[PlyCount "80"]
[EventDate "2013.05.31"]
[EventType "swiss"]
[EventRounds "9"]
[EventCountry "RUS"]
[SourceTitle "CBM 154 Extra"]
[Source "ChessBase"]
[SourceDate "2013.06.25"]
[SourceVersion "2"]
[SourceVersionDate "2013.06.25"]
[SourceQuality "1"]

1. d4 Nf6 2. c4 e6 3. g3 c5 4. d5 exd5 5. cxd5 d6 6. Bg2 g6 7. Nc3 Bg7 8. Nf3 0-0 9. 0-0 Re8 10. h3 a6 11. a4 Ne4 12. Nxe4 Rxe4 13. Nd2 Re8 14. Nc4 Qc7 15. Bf4 Bf8 16. e4 Nd7 17. a5 b5 18. axb6 Nxb6 19. Na5 Bd7 20. Qc2 Ra7 21. g4 Bb5 22. Rfe1 Nxd5 23. exd5 Rxe1+ 24. Rxe1 Qxa5 25. Bd2 Qd8 26. Bf3 Bg7 27. Bc3 Re7 28. Rxe7 Qxe7 29. Kg2 Bd4 30. Bxd4 cxd4 31. Be4 Qe5 32. f3 Qf4 33. h4 Kg7 34. Qb3 Qd2+ 35. Kg3 Qe1+ 36. Kh2 Qf2+ 37. Kh1 Bf1 38. Qc2 Qxc2 39. Bxc2 d3 40. Bb3 Be2 0-1

[Event "Novokuznetsk Siberia-ch"]
[Site "Novokuznetsk"]
[Date "2013.03.22"]
[Round "2"]
[White "Denisov, Lev"]
[Black "Glukhov, Mikhail"]
[Result "0-1"]
[WhiteElo "2374"]
[BlackElo "2170"]
[PlyCount "120"]
[EventDate "2013.03.21"]
[EventType "swiss"]
[EventRounds "9"]
[EventCountry "RUS"]
[SourceTitle "CBM 153 Extra"]
[Source "ChessBase"]
[SourceDate "2013.04.22"]
[SourceVersion "1"]
[SourceVersionDate "2013.04.22"]
[SourceQuality "1"]

1. e4 e5 2. Nf3 Nf6 3. Nxe5 d6 4. Nf3 Nxe4 5. Nc3 Nxc3 6. dxc3 Be7 7. Bf4 Nd7 8. Qd2 Nc5 9. Be2 Bg4 10. h3 Bh5 11. 0-0-0 Bg6 12. Nd4 0-0 13. Kb1 Bf6 14. f3 a6 15. g4 Re8 16. h4 Bxh4 17. g5 Bf2 18. Rh2 Bxd4 19. cxd4 Ne6 20. Bd3 d5 21. Rdh1 Qd7 22. Be3 Nf8 23. Bf4 Rac8 24. Rh4 Qe6 25. a3 Bf5 26. Be5 c5 27. Bxf5 Qxf5 28. Rf4 Qg6 29. Rg4 cxd4 30. Bxd4 Qf5 31. Rf4 Rxc2 32. Rxf5 Rxd2 33. Bc3 Rf2 34. Rd1 g6 35. Rf6 Rd8 36. Bd4 Re2 37. Bb6 Rd7 38. Rc1 Re8 39. f4 h6 40. Bd4 Nh7 41. Rb6 hxg5 42. fxg5 Nxg5 43. Rh1 Nh7 44. Rb3 f6 45. Rb6 Kg7 46. Rf1 Rf8 47. Re6 Rff7 48. Kc2 g5 49. Kd3 Kg6 50. a4 Rc7 51. Re8 Rce7 52. Rg8+ Rg7 53. Rd8 Rd7 54. Re8 Kf7 55. Rh8 g4 56. Rh1 Ng5 57. Rc1 Rh7 58. Rhc8 Rh3+ 59. Kc2 Ne6 60. Bb6 Rd6 0-1

[Event "Kemerovo Kuzbass Cup"]
[Site "Kemerovo"]
[Date "2012.09.03"]
[Round "6"]
[White "Ponomarev, Dmitry"]
[Black "Denisov, Lev"]
[Result "1/2-1/2"]
[WhiteElo "2391"]
[BlackElo "2334"]
[PlyCount "35"]
[EventDate "2012.08.29"]
[EventType "swiss"]
[EventRounds "7"]
[EventCountry "RUS"]
[SourceTitle "CBM 150 Extra"]
[Source "ChessBase"]
[SourceDate "2012.10.19"]
[SourceVersion "1"]
[SourceVersionDate "2012.10.19"]
[SourceQuality "1"]

1. d4 d5 2. c4 c6 3. Nf3 Nf6 4. Nbd2 Bf5 5. Nh4 Be4 6. Qb3 Qb6 7. c5 Qc7 8. e3 e6 9. f3 Bg6 10. Nxg6 hxg6 11. f4 b6 12. cxb6 axb6 13. Nf3 Nbd7 14. Bd2 Ne4 15. Bd3 Nxd2 16. Kxd2 Bd6 17. Qc2 Nf6 18. Ke2 1/2-1/2

[Event "Kemerovo Kuzbass Cup"]
[Site "Kemerovo"]
[Date "2012.08.30"]
[Round "2"]
[White "Cheremnova, Tamara"]
[Black "Denisov, Lev"]
[Result "1/2-1/2"]
[WhiteElo "2260"]
[BlackElo "2334"]
[PlyCount "137"]
[EventDate "2012.08.29"]
[EventType "swiss"]
[EventRounds "7"]
[EventCountry "RUS"]
[SourceTitle "CBM 150 Extra"]
[Source "ChessBase"]
[SourceDate "2012.10.19"]
[SourceVersion "1"]
[SourceVersionDate "2012.10.19"]
[SourceQuality "1"]

1. d4 Nf6 2. c4 g6 3. g3 Bg7 4. Bg2 0-0 5. Nc3 d6 6. Nf3 Nbd7 7. 0-0 e5 8. e4 c6 9. h3 Qa5 10. Re1 Re8 11. d5 cxd5 12. cxd5 b5 13. a3 b4 14. Na4 bxa3 15. Rxa3 Bb7 16. Be3 Qd8 17. Nd2 Bf8 18. Rc3 Nh5 19. Qc2 Ng7 20. Rc1 f5 21. f3 Nh5 22. Bf2 f4 23. g4 Ng3 24. Nf1 Bh6 25. Ra1 Qh4 26. Qd1 Qd8 27. Nxg3 fxg3 28. Bxg3 Rf8 29. Bf1 Rf7 30. Bf2 Qf8 31. Kg2 Nf6 32. Bg1 Bg5 33. Qe1 Qh6 34. Be3 Raf8 35. Bxg5 Qxg5 36. h4 Qf4 37. Qe3 Nxg4 38. Qxf4 Rxf4 39. fxg4 Rxg4+ 40. Rg3 Rxe4 41. Nc3 Rb4 42. Ra2 Rxh4 43. b3 Rf7 44. Bc4 a6 45. Rf2 Rhf4 46. Rxf4 exf4 47. Rg5 Kg7 48. Kf3 h6 49. Rg1 g5 50. Ne4 Rd7 51. Re1 Kg6 52. Nf2 Rf7 53. Re6+ Rf6 54. Re7 Rf7 55. Re6+ Rf6 56. Re7 Rf7 57. Rxf7 Kxf7 58. Ne4 Ke7 59. Kg4 Bc8+ 60. Kh5 Bf5 61. Nf2 a5 62. Be2 Bc2 63. Bc4 a4 64. bxa4 Bxa4 65. Kxh6 Kf6 66. Kh5 Kf5 67. Bd3+ Ke5 68. Kxg5 Kxd5 69. Kxf4 1/2-1/2

[Event "Izmailov Memorial op 16th"]
[Site "Tomsk"]
[Date "2012.08.12"]
[Round "7"]
[White "Belozerov, Andrei"]
[Black "Denisov, Lev"]
[Result "1/2-1/2"]
[WhiteElo "2499"]
[BlackElo "2334"]
[PlyCount "128"]
[EventDate "2012.08.06"]
[EventType "swiss"]
[EventRounds "9"]
[EventCountry "RUS"]
[SourceTitle "CBM 149 Extra"]
[Source "ChessBase"]
[SourceDate "2012.08.24"]
[SourceVersion "1"]
[SourceVersionDate "2012.08.24"]
[SourceQuality "1"]

1. c4 e5 2. g3 Nc6 3. Nc3 Nf6 4. Bg2 Bb4 5. Nd5 Bc5 6. e3 0-0 7. Ne2 Nxd5 8. cxd5 Ne7 9. 0-0 d6 10. b3 Bb6 11. Bb2 Ng6 12. d4 Qe7 13. a4 a5 14. dxe5 Nxe5 15. Nd4 Bg4 16. Qd2 Bxd4 17. Qxd4 Bf3 18. Qd2 Bxg2 19. Kxg2 Nd7 20. Qc3 f6 21. Qxc7 Rfc8 22. Qxb7 Rab8 23. Qa7 Qe4+ 24. Kg1 Nc5 25. Rac1 Qxd5 26. Qxa5 Qxb3 27. Bd4 Ra8 28. Qd2 Rxa4 29. Bxc5 dxc5 30. Qd6 Ra5 31. Rfd1 Qf7 32. Qb6 Raa8 33. Rxc5 Rxc5 34. Qxc5 Re8 35. h4 h5 36. Rd5 g6 37. Rd6 Kg7 38. Qd4 Re7 39. Kh2 Rc7 40. Ra6 Qe7 41. Rd6 Rb7 42. Qd5 Rc7 43. e4 Ra7 44. Kg2 Rc7 45. Rd8 Qf7 46. Kf3 Rc3+ 47. Ke2 Rc2+ 48. Ke3 Rc3+ 49. Kd4 Qxd5+ 50. exd5 Rf3 51. Rd7+ Kh6 52. d6 Rxf2 53. Re7 Rd2+ 54. Kc5 g5 55. d7 Kg6 56. Kc6 Kf5 57. Re2 Rd1 58. Rf2+ Ke6 59. Re2+ Kf5 60. Re1 Rd2 61. Kc7 Kg4 62. Re6 Rxd7+ 63. Kxd7 Kxg3 64. Rxf6 gxh4 1/2-1/2

[Event "Sibiria Region-ch"]
[Site "Prokopevsk"]
[Date "2012.03.16"]
[Round "5"]
[White "Khabarov, Sergey"]
[Black "Denisov, Lev"]
[Result "0-1"]
[WhiteElo "2313"]
[BlackElo "2334"]
[PlyCount "116"]
[EventDate "2012.03.12"]
[EventType "swiss"]
[EventRounds "9"]
[EventCountry "RUS"]
[SourceTitle "EXT 2013"]
[Source "ChessBase"]
[SourceDate "2012.11.22"]
[SourceVersion "1"]
[SourceVersionDate "2012.11.22"]
[SourceQuality "1"]

1. c4 e6 2. Nf3 d5 3. d4 f5 4. Nc3 Nf6 5. Bf4 c6 6. e3 Be7 7. Be2 0-0 8. 0-0 Nh5 9. Be5 Nd7 10. Nd2 Nhf6 11. Bf4 h6 12. h3 Qe8 13. Bh2 Nh7 14. Rb1 Ndf6 15. Nf3 dxc4 16. Bxc4 Nd5 17. Ne5 Nhf6 18. Be2 b6 19. Qa4 Bb7 20. Rfc1 b5 21. Qd1 Rc8 22. Nxd5 exd5 23. a4 b4 24. Bd3 Ne4 25. f3 Ng5 26. Qc2 Qh5 27. Nd7 Rf7 28. Nc5 Ba8 29. Kh1 Bxc5 30. dxc5 Rcf8 31. Bd6 Re8 32. Bxf5 Rf6 33. Bg4 Qf7 34. Bf4 Nh7 35. h4 Bb7 36. Qd2 a5 37. Re1 Ba6 38. b3 Qg6 39. Rbd1 h5 40. Bd7 Rd8 41. Bh3 Rff8 42. Bc7 Rde8 43. Kh2 Nf6 44. Bxa5 Ng4+ 45. Kh1 Ne5 46. Bc7 Nd3 47. Bd6 Rf7 48. Rg1 Qf6 49. Bg3 g5 50. hxg5 Qxg5 51. Bd6 Rxe3 52. Rgf1 d4 53. Bh2 Rfe7 54. Bg1 Qg3 55. Bh2 Qh4 56. f4 Re2 57. Qxd3 Bxd3 58. Rxd3 Re1 0-1

[Event "Sibiria Region-ch"]
[Site "Prokopevsk"]
[Date "2012.03.13"]
[Round "2"]
[White "Denisov, Lev"]
[Black "Kolosovskiy, Danil"]
[Result "1-0"]
[WhiteElo "2334"]
[BlackElo "1998"]
[PlyCount "107"]
[EventDate "2012.03.12"]
[EventType "swiss"]
[EventRounds "9"]
[EventCountry "RUS"]
[SourceTitle "EXT 2013"]
[Source "ChessBase"]
[SourceDate "2012.11.22"]
[SourceVersion "1"]
[SourceVersionDate "2012.11.22"]
[SourceQuality "1"]

1. e4 e6 2. d4 d5 3. Nc3 Nf6 4. e5 Nfd7 5. f4 c5 6. Nf3 Nc6 7. Be3 cxd4 8. Nxd4 Bc5 9. Qd2 Nxd4 10. Bxd4 Bxd4 11. Qxd4 Qb6 12. 0-0-0 Qxd4 13. Rxd4 Nb8 14. Be2 Nc6 15. Rd2 Bd7 16. Nb5 Ke7 17. Re1 Rag8 18. c4 Rc8 19. Kb1 dxc4 20. Nd6 Rc7 21. Bxc4 a6 22. Re3 Nb8 23. Bb3 Bc6 24. f5 Nd7 25. Nxf7 Kxf7 26. fxe6+ Ke7 27. exd7 Rxd7 28. Rxd7+ Kxd7 29. Kc1 Rf8 30. Re2 Rf1+ 31. Kc2 Ke7 32. Kc3 Rf4 33. g3 Rg4 34. Rf2 Be8 35. Bd5 b6 36. Rf4 Rg5 37. Kd4 Rh5 38. Rf2 Rg5 39. Rc2 Rg4+ 40. Ke3 Kd8 41. Rc4 Rxc4 42. Bxc4 a5 43. Kd4 Ke7 44. b3 Bh5 45. Bd3 h6 46. Kd5 Be8 47. e6 b5 48. Kc5 b4 49. Bc4 Bg6 50. Kb5 Bb1 51. Kxa5 Bxa2 52. Kxb4 Kd6 53. Kc3 g5 54. Kb2 1-0

[Event "Kuzbass-ch op"]
[Site "Kemerovo"]
[Date "2011.10.20"]
[Round "8"]
[White "Mikhailov, Vladimir"]
[Black "Denisov, Lev"]
[Result "1/2-1/2"]
[WhiteElo "2286"]
[BlackElo "2321"]
[PlyCount "43"]
[EventDate "2011.10.14"]
[EventType "swiss"]
[EventRounds "9"]
[EventCountry "RUS"]
[SourceTitle "EXT 2012"]
[Source "ChessBase"]
[SourceDate "2011.11.24"]
[SourceVersion "1"]
[SourceVersionDate "2011.11.24"]
[SourceQuality "1"]

1. Nf3 c5 2. c4 Nc6 3. d4 cxd4 4. Nxd4 Nf6 5. Nc3 e6 6. g3 Qb6 7. Nb3 Bb4 8. Bg2 0-0 9. 0-0 Bxc3 10. bxc3 d5 11. cxd5 exd5 12. Be3 Qa6 13. Nc5 Qa5 14. Qb3 Rb8 15. h3 Re8 16. Nd3 Ne4 17. Bf4 Ra8 18. Nb4 Nxc3 19. Qxc3 Qxb4 20. Qxb4 Nxb4 21. e3 Be6 22. Rab1 1/2-1/2

[Event "Kuzbass-ch op"]
[Site "Kemerovo"]
[Date "2011.10.15"]
[Round "2"]
[White "Laptev, Evgeniy"]
[Black "Denisov, Lev"]
[Result "0-1"]
[WhiteElo "2103"]
[BlackElo "2321"]
[PlyCount "78"]
[EventDate "2011.10.14"]
[EventType "swiss"]
[EventRounds "9"]
[EventCountry "RUS"]
[SourceTitle "EXT 2012"]
[Source "ChessBase"]
[SourceDate "2011.11.24"]
[SourceVersion "1"]
[SourceVersionDate "2011.11.24"]
[SourceQuality "1"]

1. d4 d5 2. Nf3 c6 3. c4 Nf6 4. Nc3 e6 5. cxd5 exd5 6. Bg5 h6 7. Bxf6 Qxf6 8. e3 Bd6 9. Qc2 0-0 10. Bd3 Bg4 11. Nd2 Re8 12. Be2 Be6 13. 0-0 Nd7 14. Rab1 a5 15. a3 Qe7 16. Rfe1 Rac8 17. Qb3 b5 18. Nf1 Nf6 19. Bd3 Ne4 20. Bxe4 dxe4 21. d5 a4 22. Qd1 Bd7 23. Qe2 Qe5 24. dxc6 Bxc6 25. Red1 h5 26. Rbc1 Bb8 27. Na2 Bd5 28. Nb4 Bb3 29. Re1 Bc4 30. Rxc4 Rxc4 31. Rd1 Rc5 32. Qd2 Rcc8 33. Qd4 Qxd4 34. exd4 Bd6 35. Ne3 Bxb4 36. axb4 g6 37. Nd5 Kg7 38. Nc3 a3 39. Nxb5 axb2 0-1

[Event "Kiselevsk"]
[Site "Kiselevsk"]
[Date "2011.09.02"]
[Round "4"]
[White "Denisov, Lev"]
[Black "Mezentsev, Igor"]
[Result "1-0"]
[WhiteElo "2321"]
[BlackElo "2283"]
[PlyCount "101"]
[EventDate "2011.08.30"]
[EventType "tourn"]
[EventRounds "9"]
[EventCountry "RUS"]
[EventCategory "3"]
[SourceTitle "CBM 144 Extra"]
[Source "ChessBase"]
[SourceDate "2011.10.28"]
[SourceVersion "1"]
[SourceVersionDate "2011.10.28"]
[SourceQuality "1"]

1. e4 e5 2. Nf3 Nc6 3. d4 exd4 4. Nxd4 Bc5 5. Nb3 Bb6 6. Nc3 d6 7. Qe2 Be6 8. Be3 Qe7 9. 0-0-0 0-0-0 10. Bxb6 axb6 11. Qb5 f5 12. Qa4 fxe4 13. Bb5 Nb8 14. Nxe4 d5 15. Ng3 Nf6 16. Rhe1 Qf7 17. Nd4 Bd7 18. Bxd7+ Rxd7 19. f3 h5 20. Nb5 Na6 21. Qf4 Kb8 22. h4 Re7 23. Rxe7 Qxe7 24. Nc3 Rd8 25. a3 Qd6 26. Qg5 c6 27. Nf5 Qd7 28. Nxg7 Rg8 29. Qxf6 Rxg7 30. Rg1 Ka7 31. Qe5 Qf7 32. Ne2 Nc5 33. Nf4 Nd7 34. Qd4 c5 35. Qd2 Ne5 36. Nh3 Nc4 37. Qc3 d4 38. Qb3 Qd5 39. Qa4+ Kb8 40. Qe8+ Ka7 41. Qe4 Qd7 42. Ng5 Qb5 43. b3 Nxa3 44. f4 c4 45. Qxd4 Rd7 46. Qc3 Qc5 47. Re1 Rd4 48. b4 Qd6 49. Qxa3+ Kb8 50. Re8+ Kc7 51. Ne6+ 1-0

[Event "Kiselevsk"]
[Site "Kiselevsk"]
[Date "2011.09.02"]
[Round "5"]
[White "Kornev, Alexander"]
[Black "Denisov, Lev"]
[Result "1-0"]
[WhiteElo "2247"]
[BlackElo "2321"]
[PlyCount "55"]
[EventDate "2011.08.30"]
[EventType "tourn"]
[EventRounds "9"]
[EventCountry "RUS"]
[EventCategory "3"]
[SourceTitle "CBM 144 Extra"]
[Source "ChessBase"]
[SourceDate "2011.10.28"]
[SourceVersion "1"]
[SourceVersionDate "2011.10.28"]
[SourceQuality "1"]

1. e4 c5 2. Nf3 e6 3. d4 cxd4 4. Nxd4 a6 5. Nc3 Qc7 6. Bd3 Nf6 7. 0-0 d6 8. Be3 Be7 9. f4 0-0 10. Qf3 Nbd7 11. g4 Nc5 12. g5 Nfd7 13. Be2 b5 14. b4 Nb7 15. Nf5 Bd8 16. Bd4 f6 17. Nxg7 Kxg7 18. Qh5 Rf7 19. Rf3 Kf8 20. Qh6+ Ke8 21. Raf1 Qc6 22. R3f2 Bb6 23. Bxb6 Nxb6 24. Bh5 Nd8 25. Qxh7 Bb7 26. Bxf7+ Nxf7 27. g6 Qc7 28. Qg8+ 1-0

[Event "Kuzbass-ch"]
[Site "Kemerovo"]
[Date "2011.08.26"]
[Round "7"]
[White "Denisov, Lev"]
[Black "Gutov, Andrey"]
[Result "1/2-1/2"]
[WhiteElo "2294"]
[BlackElo "2420"]
[PlyCount "66"]
[EventDate "2011.08.20"]
[EventType "swiss"]
[EventRounds "7"]
[EventCountry "RUS"]
[SourceTitle "CBM 144 Extra"]
[Source "ChessBase"]
[SourceDate "2011.10.28"]
[SourceVersion "1"]
[SourceVersionDate "2011.10.28"]
[SourceQuality "1"]

1. e4 e5 2. Nf3 Nc6 3. d4 exd4 4. Nxd4 Nf6 5. Nxc6 bxc6 6. e5 Qe7 7. Qe2 Nd5 8. c4 Ba6 9. b3 g6 10. f4 f6 11. exf6 Nxf6 12. Bb2 Kf7 13. Qxe7+ Bxe7 14. Nd2 Bd6 15. Bxf6 Kxf6 16. Ne4+ Ke6 17. Nxd6 cxd6 18. 0-0-0 Raf8 19. g3 Rf6 20. c5 Bxf1 21. Rxd6+ Ke7 22. Rxf6 Kxf6 23. Rxf1 Re8 24. Rf2 Re1+ 25. Kb2 Rd1 26. Kc3 a5 27. a3 Rc1+ 28. Rc2 Ra1 29. Rd2 Ke6 30. Re2+ Kf7 31. Rd2 Ke6 32. Re2+ Kf7 33. Rd2 Ke6 1/2-1/2

[Event "Kemerovo op"]
[Site "Kemerovo"]
[Date "2011.07.30"]
[Round "9"]
[White "Denisov, Lev"]
[Black "Ponomarev, Dmitry"]
[Result "0-1"]
[WhiteElo "2337"]
[BlackElo "2401"]
[PlyCount "124"]
[EventDate "2011.07.25"]
[EventType "swiss"]
[EventRounds "9"]
[EventCountry "RUS"]
[SourceTitle "EXT 2012"]
[Source "ChessBase"]
[SourceDate "2011.11.24"]
[SourceVersion "1"]
[SourceVersionDate "2011.11.24"]
[SourceQuality "1"]

1. e4 c6 2. d4 d5 3. e5 Bf5 4. Nf3 e6 5. Be2 c5 6. Be3 cxd4 7. Nxd4 Ne7 8. Bg5 Qd7 9. 0-0 Nbc6 10. Nxf5 Nxf5 11. Bd3 Be7 12. Bxe7 Nfxe7 13. Re1 Ng6 14. Qh5 Qc7 15. Bxg6 fxg6 16. Qg4 Qf7 17. Nd2 0-0 18. Nf3 Qf5 19. Qxf5 Rxf5 20. c3 Raf8 21. Re2 h6 22. h3 Rf4 23. Rd1 Rc8 24. Kh2 g5 25. Kg3 Kh7 26. h4 Kg6 27. hxg5 hxg5 28. Nd4 Nxd4 29. Rxd4 Rxd4 30. cxd4 Kf5 31. Kf3 g4+ 32. Ke3 Rc1 33. g3 b5 34. Kd2 Ra1 35. a3 a5 36. Kd3 Rd1+ 37. Ke3 Rc1 38. Kd2 Rc4 39. Kd3 b4 40. axb4 Rxb4 41. Kc3 Rc4+ 42. Kd3 a4 43. Ke3 Rb4 44. Kd3 Rb3+ 45. Kc2 Rf3 46. Kd2 g6 47. Kc2 a3 48. bxa3 Rxa3 49. Re1 Ra2+ 50. Kd3 Rxf2 51. Kc3 Rf3+ 52. Kb4 Rxg3 53. Kc5 Rf3 54. Kd6 Rf4 55. Rd1 g3 56. Rg1 Kg4 57. Kxe6 Rxd4 58. Kd6 Re4 59. Kxd5 Re2 60. e6 g2 61. e7 Kg3 62. Rb1 Rxe7 0-1

[Event "Kemerovo op"]
[Site "Kemerovo"]
[Date "2011.07.29"]
[Round "8"]
[White "Chigaev, Maksim"]
[Black "Denisov, Lev"]
[Result "1/2-1/2"]
[WhiteElo "2104"]
[BlackElo "2337"]
[PlyCount "77"]
[EventDate "2011.07.25"]
[EventType "swiss"]
[EventRounds "9"]
[EventCountry "RUS"]
[SourceTitle "EXT 2012"]
[Source "ChessBase"]
[SourceDate "2011.11.24"]
[SourceVersion "1"]
[SourceVersionDate "2011.11.24"]
[SourceQuality "1"]

1. e4 e5 2. Nf3 Nc6 3. Nc3 Nf6 4. g3 Bb4 5. Bg2 0-0 6. 0-0 d6 7. d3 h6 8. a3 Bc5 9. h3 a6 10. Be3 Bxe3 11. fxe3 d5 12. exd5 Nxd5 13. Qe2 Be6 14. Ne4 Nde7 15. Nh4 f5 16. Nc5 Bc8 17. g4 Qd6 18. b4 b6 19. Nb3 Be6 20. gxf5 Nxf5 21. Nxf5 Bxf5 22. d4 Kh8 23. Qf3 e4 24. Qh5 Ne7 25. Qh4 Rf6 26. Nd2 Ng6 27. Qe1 Re8 28. c4 c5 29. Nb3 cxd4 30. Nxd4 Bd7 31. Rxf6 Qxf6 32. Qg3 Ne5 33. Rf1 Qd6 34. Bxe4 Nxc4 35. Qxd6 Nxd6 36. Bg6 Rc8 37. Rd1 Nc4 38. Nf5 Bxf5 39. Bxf5 1/2-1/2

[Event "Kemerovo op"]
[Site "Kemerovo"]
[Date "2011.07.28"]
[Round "6"]
[White "Denisov, Lev"]
[Black "Zaitsev, Vadim"]
[Result "1/2-1/2"]
[WhiteElo "2337"]
[BlackElo "2356"]
[PlyCount "50"]
[EventDate "2011.07.25"]
[EventType "swiss"]
[EventRounds "9"]
[EventCountry "RUS"]
[SourceTitle "EXT 2012"]
[Source "ChessBase"]
[SourceDate "2011.11.24"]
[SourceVersion "1"]
[SourceVersionDate "2011.11.24"]
[SourceQuality "1"]

1. e4 c5 2. Nf3 d6 3. d4 cxd4 4. Nxd4 Nf6 5. Nc3 g6 6. Be2 Bg7 7. 0-0 0-0 8. Bg5 Nc6 9. Nb3 Be6 10. f4 Na5 11. f5 Bc4 12. Kh1 Re8 13. Bd3 Rc8 14. Qf3 Bxd3 15. cxd3 Nxb3 16. axb3 Qb6 17. Ra3 a6 18. h4 Qb4 19. Bxf6 Bxf6 20. Nd5 Qd4 21. fxg6 fxg6 22. Nxf6+ exf6 23. Qxf6 Qxd3 24. Qf7+ Kh8 25. Qf6+ Kg8 1/2-1/2